Agricultural trade reform and the Doha development agenda / (Record no. 14979)

000 -LEADER
fixed length control field 00530cam a22001814a 4500
020 ## - INTERNATIONAL STANDARD BOOK NUMBER
ISBN 0821362399 (pbk.)
020 ## - INTERNATIONAL STANDARD BOOK NUMBER
ISBN 9788213623995
040 ## - CATALOGING SOURCE
Transcribing agency DLC
082 00 - DEWEY DECIMAL CLASSIFICATION NUMBER
Classification number 382 PAL 2006 A068 Co.
245 00 - TITLE STATEMENT
Title Agricultural trade reform and the Doha development agenda /
260 ## - PUBLICATION, DISTRIBUTION, ETC. (IMPRINT)
Place of publication Washington, DC :
Name of publisher Palgrave Macmillan/World Bank,
Year of publication c2006.
300 ## - PHYSICAL DESCRIPTION
Number of Pages xviii, 420 p. :
Other physical details ill. ;
Dimensions 23 cm.
650 #0 - SUBJECT ADDED ENTRY--TOPICAL TERM
Topical Term Agriculture and state.
650 #0 - SUBJECT ADDED ENTRY--TOPICAL TERM
Topical Term International trade.
700 1# - ADDED ENTRY--PERSONAL NAME
Personal name Anderson, Kym.
700 1# - ADDED ENTRY--PERSONAL NAME
Personal name Martin, Will,
942 ## - ADDED ENTRY ELEMENTS (KOHA)
Koha item type សៀវភៅភាសាអង់គ្លេស
952 ## - LOCATION AND ITEM INFORMATION (KOHA)
Withdrawn status [LOCAL, KOHA] 0
Holdings
Permanent Location Date acquired Koha item type Lost status Shelving location Barcode Current Location Full call number
Library Block A2017-11-01សៀវភៅភាសាអង់គ្លេស A068A20109Library Block A382 PAL 2006 A068 Co.
មជ្ឈមណ្ឌលឯការនៃសាកលវិទ្យាល័យភូមិន្ទកសិកម្មចំការដូង

Powered by Koha